Field trial of alcohol-server training for prevention of fetal alcohol syndrome /
Shranjeno v:
| Drugi avtorji: | , , , , |
|---|---|
| Format: | Bài viết |
| Jezik: | English |
| Teme: | |
| Oznake: |
Označite
Brez oznak, prvi označite!
|
| Thư viện lưu trữ: | Thư viện Trường Đại học Đà Lạt |
|---|
| LEADER | 01127nam a2200385 4500 | ||
|---|---|---|---|
| 001 | DLU110130247 | ||
| 005 | ##20111223 | ||
| 040 | # | # | |a DLU |b eng |
| 041 | # | # | |a eng |
| 044 | # | # | |a us |
| 245 | # | # | |a Field trial of alcohol-server training for prevention of fetal alcohol syndrome / |c Jack Dresser ... [et al.]. |
| 653 | # | # | |a Alcohol use |
| 653 | # | # | |a Bars |
| 653 | # | # | |a Comparative studies |
| 653 | # | # | |a Customer services |
| 653 | # | # | |a Fetal alcohol syndrome |
| 653 | # | # | |a Intervention |
| 653 | # | # | |a New Mexico |
| 653 | # | # | |a Pregnancy |
| 653 | # | # | |a Prevention programs |
| 700 | # | # | |a Dresser, Jack. |
| 700 | # | # | |a May, Philip A. |
| 700 | # | # | |a Stanghetta, Paula. |
| 700 | # | # | |a Starling, Randall. |
| 700 | # | # | |a Woodall, W Gill. |
| 773 | # | # | |t Journal of studies on alcohol and drugs |g Vol. 72, no. 3 (May 2011), p. 490-496 |
| 920 | # | # | |a Phòng Tạp chí -- Trung tâm Thông tin - Thư viện Trường Đại học Đà Lạt |
| 994 | # | # | |a DLU |
| 900 | # | # | |a True |
| 911 | # | # | |a Trương Bảo Trâm Anh |
| 925 | # | # | |a G |
| 926 | # | # | |a A |
| 927 | # | # | |a BB |
| 980 | # | # | |a Thư viện Trường Đại học Đà Lạt |